000 00886nam a22002417a 4500
001 7512
003 FISKH
005 20250722151119.0
008 250722b cb ||||| |||| 00| 0 eng d
020 _a027506930068
040 _aFISKH
_beng
_cFISKH
_dFISKH
050 _aPZ7
100 _aAnonymous
245 _aHandy Manny :
_bA day in the park /
_cUnknown Author
260 _aMaitland :
_bAdvan Publishers ,
_c2010.
300 _a24 unnumbered pages :
_bcolor illustrations ;
_c25 cm .
505 _aK
520 _aIt's Community Day, and Manny and tools are working with friends and neighbors to fix up the local park. From falling off the see-sax to falling into the fountain, it's an event-filled day and night for the residents of Sheet Rock Hills!
521 8 _a510
_bLexile estimate
521 8 _aK
_bRaz-Plus
942 _2ddc
_cBK
_n0
999 _c7512
_d7512